00427nam a2200169Ia 4500008004100000040001900041041001200060082000800072100001600080245004400096260002700140300001900167630002500186650001500211651001100226850002000237131103s9999 xx 000 0 und d aLoreto College aEnglish a170 aOtto,Max C. aScience and the moral lifecMax C. Otto aNew YorkbMentorc1949 av,192p c 19cm aUniversal Philosophy aPhilosophy aEthics aLCLIB ; 170/OTT